000
00304nam a2200133Ia 4500
005
20251222141800.0
008
251222s9999||||xx |||||||||||||| ||spa||
082
_a
708/C11
100
_a
C. Lemos, Carlos A.
245
2
_a
A Imagiária Paulista
250
_a
1ra.ed.
264
_b
Volkswagen
942
_c
LIB
999
_c
6132
_d
6132